000
00290nam a2200109Ia 4500
008
230822s1999 xx 000 0 und d
041
_a
eng
100
_a
PARKER S.A.
245
_a
PERSONAL LETTERS FOR ALL OCCASIONS WHAT SHALL I WRITE?
260
_b
VMP PUB . MUMBAI
_c
1999
300
_a
100
999
_c
856995
_d
856995